[Event "Asian Open Men"]
[Site "Ho Chi Minh"]
[Date "2012.05.13"]
[Round "9"]
[Board "18"]
[White "Tu, Hoang Thong"]
[Black "Zhao, Jun"]
[Result "1/2-1/2"]
[WhiteElo "2434"]
[BlackElo "2577"]
[PlyCount "82"]
[EventDate "2012.05.05"]
[EventRounds "9"]
[EventCountry "VIE"]

1. Nf3 Nf6 2. c4 g6 3. b4 d6 4. Bb2 e5 5. g3 Bh6 6. d3 O-O 7. Bg2 Nc6 8. b5 Ne7
9. O-O Nh5 10. Nbd2 f5 11. c5 Be6 12. cxd6 cxd6 13. Nc4 Nf6 14. Qa4 Qd7 15. Bc1
f4 16. Ba3 Nf5 17. Bh3 fxg3 18. hxg3 Nxg3 19. Bxe6+ Qxe6 20. fxg3 Qh3 21. Rf2
Ng4 22. Raf1 d5 23. Bxf8 Rxf8 24. Ng5 Bxg5 25. Rxf8+ Kg7 26. R1f2 dxc4 27.
R8f7+ Kh6 28. R7f3 Nxf2 29. Kxf2 Qh2+ 30. Kf1 c3 31. Qc4 Bd2 32. Rf7 Qh1+ 33.
Kf2 Be1+ 34. Ke3 Qg1+ 35. Ke4 Bxg3 36. Rxh7+ Kxh7 37. Qf7+ Kh6 38. Qf8+ Kh7 39.
Qf7+ Kh6 40. Qf8+ Kh5 41. Qh8+ Kg4 1/2-1/2

[Event "Asian Open Men"]
[Site "Ho Chi Minh"]
[Date "2012.05.13"]
[Round "9"]
[Board "23"]
[White "Deepan, Chakkravarthy J"]
[Black "Le, Quang Long"]
[Result "1/2-1/2"]
[WhiteElo "2461"]
[BlackElo "2351"]
[PlyCount "62"]
[EventDate "2012.05.05"]
[EventRounds "9"]
[EventCountry "VIE"]

1. e4 c6 2. d4 d5 3. e5 Bf5 4. Nf3 e6 5. Be2 Ne7 6. Nbd2 c5 7. O-O Nec6 8. dxc5
Bxc5 9. Nb3 Be7 10. Nfd4 Bg6 11. f4 Nxd4 12. Nxd4 Nc6 13. Be3 Nxd4 14. Bxd4 O-O
15. c3 Qc7 16. Bd3 Bc5 17. f5 exf5 18. Bxf5 Bxd4+ 19. Qxd4 Rfe8 20. Bxg6 hxg6
21. Rfe1 Re6 22. Re2 Qc4 23. Qxc4 dxc4 24. Rd1 Rae8 25. Rd7 R6e7 26. Rd4 Rxe5
27. Rxe5 Rxe5 28. Rxc4 Re2 29. Rb4 b6 30. a4 Kf8 31. h3 f5 1/2-1/2

[Event "Asian Open Men"]
[Site "Ho Chi Minh"]
[Date "2012.05.13"]
[Round "9"]
[Board "24"]
[White "Nguyen, Huynh Minh Huy"]
[Black "Nguyen, Van Hai"]
[Result "1-0"]
[WhiteElo "2442"]
[BlackElo "2341"]
[PlyCount "59"]
[EventDate "2012.05.05"]
[EventRounds "9"]
[EventCountry "VIE"]

1. Nf3 Nf6 2. c4 g6 3. Nc3 d5 4. cxd5 Nxd5 5. Qc2 Bg7 6. e4 Nxc3 7. dxc3 O-O 8.
Be3 c6 9. Be2 Bg4 10. h3 Bxf3 11. gxf3 Nd7 12. h4 Nf6 13. f4 Qd7 14. h5 Qe6 15.
e5 Nd5 16. Bd2 Nb6 17. c4 Rfd8 18. O-O-O Rd4 19. Be3 Rxd1+ 20. Rxd1 g5 21. fxg5
Qxe5 22. Kb1 c5 23. h6 Bh8 24. Bd3 Kf8 25. Bc1 Qe6 26. f4 a5 27. Bxh7 Nxc4 28.
f5 Qe5 29. Qxc4 Qxb2+ 30. Bxb2 1-0

[Event "Asian Open Men"]
[Site "Ho Chi Minh"]
[Date "2012.05.13"]
[Round "9"]
[Board "28"]
[White "Djuraev, Sokhib"]
[Black "Jumabayev, Rinat"]
[Result "1/2-1/2"]
[WhiteElo "2375"]
[BlackElo "2556"]
[PlyCount "0"]
[EventDate "2012.05.05"]
[EventRounds "9"]
[EventCountry "VIE"]

1. e4 c5 2. Nf3 e6 3. Nc3 Nc6 4. Be2 Nf6 5. O-O Be7 6. b3 d5 7. exd5 Nxd5 8.
Nxd5 Qxd5 9. Bb2 O-O 10. Re1 b6 11. Bd3 Bb7 12. Be4 Qd6 13. Ne5 Bf6 14. Nc4 Qe7
15. Bxf6 Qxf6 16. a4 Rfd8 17. d3 Rab8 18. Re3 Nd4 19. Bxb7 Nxc2 20. Re5 Nxa1
21. Bf3 g6 22. Be2 Nxb3 23. Qxb3 Rd5 24. Re3 Qa1+ 25. Bf1 a6 26. g3 b5 27. axb5
Rxb5 28. Qa3 Rb1 29. Qxa1 Rxa1 30. Kg2 a5 31. Re4 a4 32. Ne3 Rd4 33. Re5 Rc1
34. Nc4 Rd5 35. Re2 Rxd3 36. Ra2 Rdd1 37. Ne3 Ra1 38. Rb2 Rd8 39. Nc2 Rc1 40.
Na3 Rc3 41. Nb5 Rb3 42. Rc2 Rb8 43. Rxc5 a3 44. Nd4 Rb2 45. Ra5 a2 46. Bc4 Rd8
47. Nf3 Rc8 48. Rxa2 Rxa2 49. Bxa2 Rc3 50. h4 Kg7 51. Ne1 e5 52. Bd5 f5 53. f4
e4 54. Kf2 Kf6 55. Bg8 h6 56. Bd5 g5 57. hxg5+ hxg5 58. Bb7 g4 59. Bd5 Ke7 60.
Bg8 Kd7 61. Bh7 Ke6 62. Bg8+ Kf6 63. Bd5 Ke7 64. Bg8 Rc1 65. Ng2 Rc2+ 66. Kf1
Rc3 67. Nh4 Kf8 68. Be6 Rxg3 69. Bxf5 e3 70. Be4 Rh3 71. Ng2 Kg7 72. Ke2 Kh6
73. Bc6 Rh2 74. Kxe3 Rh3+ 75. Ke4 Rc3 76. Bd5 g3 77. Kf5 Rc5 78. Ke6 Rc2 79.
Be4 Rc3 80. f5 Rc4 81. Bd5 Rc2 82. f6 Re2+ 83. Kf5 Rf2+ 84. Nf4 Rf1 85. Kg4 Rb1
86. Kf5 Rb2 87. Be4 Rb5+ 88. Kg4 Rb4 89. Kf3 Rb6 90. Nd5 Re6 91. Bd3 Rd6 92.
Be4 Re6 1/2-1/2

[Event "Asian Open Men"]
[Site "Ho Chi Minh"]
[Date "2012.05.13"]
[Round "9"]
[Board "29"]
[White "Pham, Chuong"]
[Black "Laylo, Darwin"]
[Result "0-1"]
[WhiteElo "2349"]
[BlackElo "2502"]
[PlyCount "102"]
[EventDate "2012.05.05"]
[EventRounds "9"]
[EventCountry "VIE"]

1. d4 Nf6 2. Nf3 g6 3. g3 Bg7 4. Bg2 O-O 5. O-O d5 6. c4 c6 7. b3 dxc4 8. bxc4
c5 9. e3 Nc6 10. Bb2 Qb6 11. Qb3 Bf5 12. d5 Nb4 13. Ne1 e6 14. Nc3 exd5 15.
cxd5 Rfe8 16. Rd1 Qa6 17. Na4 Rac8 18. a3 Nd3 19. Nxd3 c4 20. Nac5 cxb3 21.
Nxa6 bxa6 22. Nb4 Nd7 23. Bxg7 Kxg7 24. Nc6 Bc2 25. Rd4 a5 26. Rd2 Ne5 27. Rxc2
bxc2 28. Rc1 Nxc6 29. dxc6 Rb8 30. Rxc2 Rb1+ 31. Bf1 Rc8 32. Rc5 Rc7 33. Kg2 a4
34. Bb5 Rb3 35. Bxa4 Rxa3 36. Rc4 Kf6 37. h4 h5 38. Kf3 Ke7 39. Kf4 Kd6 40.
Rd4+ Kc5 41. Ke5 Ra2 42. Rf4 Rb2 43. f3 Rb8 44. Rd4 Re7+ 45. Kf4 Rb4 46. Kg5
Rxd4 47. exd4+ Kxd4 48. Kf6 Rc7 49. g4 a5 50. g5 Kc5 51. Ke5 Rxc6 0-1

[Event "Asian Open Men"]
[Site "Ho Chi Minh"]
[Date "2012.05.13"]
[Round "9"]
[Board "30"]
[White "Tu, Hoang Thai"]
[Black "Lou, Yiping"]
[Result "0-1"]
[WhiteElo "2295"]
[BlackElo "2428"]
[PlyCount "58"]
[EventDate "2012.05.05"]
[EventRounds "9"]
[EventCountry "VIE"]

1. e4 c6 2. b3 d5 3. Bb2 dxe4 4. Qe2 Nf6 5. Nc3 Bf5 6. h3 h5 7. g3 e6 8. Bg2
Bb4 9. O-O-O Bxc3 10. dxc3 Qa5 11. f3 Qxa2 12. fxe4 Bg6 13. Nf3 Nbd7 14. e5 Nd5
15. c4 Ne7 16. Rxd7 Kxd7 17. Rd1+ Kc7 18. Qe1 Rad8 19. Rd6 Nf5 20. c5 Kb8 21.
g4 hxg4 22. hxg4 Nxd6 23. exd6 f6 24. Nd4 e5 25. Ne6 Rd7 26. g5 Bf5 27. Nc7 Rh2
28. Qg3 Qa5 29. Kb1 Bxc2+ 0-1

[Event "Asian Open Men"]
[Site "Ho Chi Minh"]
[Date "2012.05.13"]
[Round "9"]
[Board "31"]
[White "Tran, Tuan Minh"]
[Black "Narayanan, Srinath"]
[Result "1/2-1/2"]
[WhiteElo "2266"]
[BlackElo "2383"]
[PlyCount "68"]
[EventDate "2012.05.05"]
[EventRounds "9"]
[EventCountry "VIE"]

1. d4 Nf6 2. Nf3 e6 3. Bf4 b6 4. e3 Bb7 5. h3 c5 6. c3 Be7 7. Nbd2 d6 8. Be2
Nbd7 9. O-O O-O 10. Bh2 Re8 11. Ne1 a6 12. Bf3 Qc7 13. Bxb7 Qxb7 14. Qf3 Qxf3
15. Nexf3 d5 16. Rac1 Rac8 17. Rfd1 b5 18. Ne5 Nxe5 19. Bxe5 Nd7 20. Bg3 Nf6
21. Bh4 h6 22. Bxf6 Bxf6 23. Nb3 Be7 24. dxc5 Bxc5 25. Nxc5 Rxc5 26. a3 Rc7 27.
Rd4 Kf8 28. Rcd1 Ke7 29. Kf1 Rec8 30. Ke2 Rc4 31. Rxc4 Rxc4 32. Rd4 Rxd4 33.
cxd4 Kd6 34. b4 Ke7 1/2-1/2

[Event "Asian Open Men"]
[Site "Ho Chi Minh"]
[Date "2012.05.13"]
[Round "9"]
[Board "32"]
[White "Qu, Yanqiao"]
[Black "Sapar, Emelbek"]
[Result "0-1"]
[WhiteElo "2159"]
[BlackElo "2380"]
[PlyCount "94"]
[EventDate "2012.05.05"]
[EventRounds "9"]
[EventCountry "VIE"]

1. e4 c5 2. Nf3 e6 3. d4 cxd4 4. Nxd4 Nc6 5. Nxc6 bxc6 6. Bd3 Nf6 7. O-O d5 8.
Nd2 Be7 9. Qe2 O-O 10. e5 Nd7 11. Re1 Nc5 12. Nf3 a5 13. Nd4 Bd7 14. Qg4 f5 15.
Qg3 Rb8 16. b3 Rb4 17. c3 Nxd3 18. Qxd3 Rb7 19. Qg3 Kh8 20. Nf3 h6 21. h4 Qe8
22. Bf4 c5 23. Red1 Qh5 24. Bd2 Ra8 25. Rab1 Be8 26. Qf4 Qg4 27. g3 Qxf4 28.
Bxf4 Rab8 29. Nd2 Kg8 30. Be3 g5 31. hxg5 hxg5 32. f4 g4 33. Kf2 Bc6 34. Ke2
Kg7 35. Bf2 Bb5+ 36. c4 dxc4 37. bxc4 Bxc4+ 38. Ke1 Rxb1 39. Rxb1 Rxb1+ 40.
Nxb1 Bxa2 41. Nc3 Bb3 42. Nb5 c4 43. Nd6 a4 44. Kd2 a3 45. Bd4 a2 46. Kc1 Bd8
47. Nb5 Ba5 0-1

[Event "Asian Open Men"]
[Site "Ho Chi Minh"]
[Date "2012.05.13"]
[Round "9"]
[Board "33"]
[White "Hamdani, Rudin"]
[Black "Tran, Quoc Dung"]
[Result "1-0"]
[WhiteElo "2322"]
[BlackElo "2303"]
[PlyCount "91"]
[EventDate "2012.05.05"]
[EventRounds "9"]
[EventCountry "VIE"]

1. e4 c5 2. Nf3 e6 3. d4 cxd4 4. Nxd4 a6 5. Bd3 Qc7 6. O-O Bd6 7. h3 Nc6 8.
Nxc6 Qxc6 9. Nc3 b5 10. e5 Bxe5 11. Be4 d5 12. Nxd5 exd5 13. Bxd5 Qf6 14. Bxa8
Ne7 15. Qf3 O-O 16. Qxf6 Bxf6 17. Be4 a5 18. a3 Nf5 19. Bd3 Bd7 20. Rd1 Re8 21.
Rb1 Nh4 22. Be3 g5 23. Bxh7+ Kxh7 24. Rxd7 Kg6 25. Rd5 Nf5 26. Bd2 Nd4 27. c3
Nb3 28. Be3 Rb8 29. Rd3 a4 30. Rd6 Kf5 31. Rbd1 Be5 32. Rd8 Rxd8 33. Rxd8 Ke4
34. Bxg5 Na5 35. g4 Nc4 36. Kg2 Bd6 37. f3+ Ke5 38. Bc1 Ke6 39. Kf1 Bc7 40. Rd1
Nb6 41. h4 Nd5 42. h5 Be5 43. h6 Bh8 44. Ke2 Bf6 45. f4 Bh8 46. Kf3 1-0

[Event "Asian Open Men"]
[Site "Ho Chi Minh"]
[Date "2012.05.13"]
[Round "9"]
[Board "35"]
[White "Ferdiman, Tersiman"]
[Black "Tan, Weiliang"]
[Result "0-1"]
[WhiteElo "2009"]
[BlackElo "2222"]
[PlyCount "72"]
[EventDate "2012.05.05"]
[EventRounds "9"]
[EventCountry "VIE"]

1. e4 c5 2. Nf3 d6 3. d4 cxd4 4. Nxd4 Nf6 5. Nc3 a6 6. Bc4 e6 7. f3 Qc7 8. Bb3
Nc6 9. Be3 Na5 10. Qe2 Be7 11. g4 Nxb3 12. Nxb3 b5 13. O-O-O Nd7 14. f4 b4 15.
Nb1 a5 16. f5 e5 17. g5 Bb7 18. Qg4 a4 19. Na1 Qc4 20. g6 hxg6 21. fxg6 Rh4 22.
gxf7+ Qxf7 23. Qg3 Bxe4 24. Rhf1 Qxa2 25. Rxd6 a3 26. Rxd7 Qxb2+ 27. Kd2 Kxd7
28. Ke2 Qxa1 29. Rd1+ Kc6 30. Nd2 Qxd1+ 31. Kxd1 a2 32. Nb3 a1=Q+ 33. Nxa1
Rxa1+ 34. Kd2 Ra2 35. Qxe5 Rxh2+ 36. Kd1 Bf3+ 0-1